| 000 | 00522nam a22001817a 4500 | ||
|---|---|---|---|
| 999 |
_c184005 _d184005 |
||
| 005 | 20220110145537.0 | ||
| 010 | _aENG-131056 | ||
| 020 |
_a978-93-52-838-691 _c550.00 |
||
| 035 | _aEN-114588 | ||
| 037 | _bDBAD | ||
| 082 | _a657.2 | ||
| 100 | _aWason V. | ||
| 245 |
_aBook Keeping: _cV. Wason |
||
| 260 |
_aNew Delhi _bS Chand School Books _c2013 |
||
| 270 |
_bNew Delhi _aA-27, 2nd Floor, Mohan Co-operative Industrial Estate _e110044 |
||
| 300 |
_a709p. _c23cm(pbk) |
||
| 942 |
_2ddc _cEN _h657.2 _mWAS |
||